Paludisme dans les Deltas. (Record no. 114210)

MARC details
000 -LEADER
campo de control de longitud fija 00979nam a2200241 i 4500
001 - NÚMERO DE CONTROL
campo de control 114210
003 - IDENTIFICADOR DE NÚMERO DE CONTROL
campo de control ES-MaACL
005 - FECHA Y HORA DE LA ÚLTIMA TRANSACCIÓN
campo de control 20230906190112.0
007 - CAMPO FIJO DE DESCRIPCIÓN FÍSICA--INFORMACIÓN GENERAL
campo de control de longitud fija t|
008 - DATOS DE LONGITUD FIJA--INFORMACIÓN GENERAL
campo de control de longitud fija 061121s1932 sz r ||||1| fre d
245 00 - MENCIÓN DEL TÍTULO
Título Paludisme dans les Deltas.
260 ## - PUBLICACIÓN, DISTRIBUCIÓN, ETC.
Lugar de publicación, distribución, etc. Geneve :
Nombre del editor, distribuidor, etc. [s. n.],
Fecha de publicación, distribución, etc. 1932.
300 ## - DESCRIPCIÓN FÍSICA
Extensión 176 p. :
Otras características físicas il. ;
Dimensiones 24 cm.
490 1# - MENCIÓN DE SERIE
Mención de serie Archives roumaines de pathologie expérimentale et de microbiologie ;
Designación de volumen o secuencia T. V, nº 1, marzo 1932
505 8# - NOTA DE CONTENIDO CON FORMATO
Nota de contenido con formato Contiene: Delta de l'Ebre par les docteurs Pereperez [et al.] ; sous la direction du Prof. G. Pittaluga. Delta du Danube par le Prof. G. Zotta
700 1# - ENTRADA AGREGADA--NOMBRE PERSONAL
Nombre de persona Pereperez.
9 (RLIN) 90518
700 1# - ENTRADA AGREGADA--NOMBRE PERSONAL
Nombre de persona Pittaluga, Gustavo,
Fechas asociadas al nombre 1876-1956
9 (RLIN) 155591
700 1# - ENTRADA AGREGADA--NOMBRE PERSONAL
Nombre de persona Zotta, G.
9 (RLIN) 118367
710 2# - ENTRADA AGREGADA--NOMBRE DE ENTIDAD CORPORATIVA
Nombre de entidad corporativa o nombre de jurisdicción como elemento de entrada Sociedad de Naciones.
Unidad subordinada Organización de Higiene.
9 (RLIN) 6685
830 0# - PUNTO DE ACCESO ADICIONAL DE SERIE-TÍTULO UNIFORME
Título uniforme Archives roumaines de pathologie expérimentale et de microbiologie ;
Designación de volumen o secuencia T. V, nº 1, marzo 1932
9 (RLIN) 226804
852 ## - LOCALIZACIÓN
Ubicación ES-MaACL
Número de control de estantería E-1689
Holdings
Estatus retirado Estado de pérdida Estado de daño No para préstamo Biblioteca de origen Biblioteca actual Ubicación en estantería Fecha de adquisición Fuente de adquisición Total de préstamos Signatura topográfica completa Código de barras Visto por última vez Precio de reemplazo Tipo de ítem Koha
        Biblioteca del Ateneo de Madrid Biblioteca del Ateneo de Madrid Depósito 2 17/01/2008     E-1689 1119110 23/02/2023 23/02/2023 Libro impreso